Holiday Quiz

Random Holiday or Christmas Quiz

Christmas Bunker Quiz Stats

 Plays Quiz Updated Dec 25, 2016

Support Sporcle.
Go Orange.
Score 0/15 Timer 07:00
5 Plays Today
Question Answer % Correct
????
100%
????
95.1%
????
80.5%
????
64.5%
????
63.2%
????
48.3%
????
46.9%
????
38.8%
Question Answer % Correct
????
36.4%
????
32.3%
????
25.6%
????
25.6%
????
25.1%
????
11%
????
4.8%

From the Vault

Clickable Times Square Blitz

by bhenderson79

This is as close as we'll ever get to being in Times Square on New Year's Eve.
Remove Ads.
Support Sporcle.
Get the best of Sporcle when you Go Orange. This ad-free experience offers more features, more stats, and more fun while also helping to support Sporcle. Thank you for becoming a member.

Show Comments

Extras

Top Quizzes Today


Score Distribution

Your Account Isn't Verified!

In order to create a playlist on Sporcle, you need to verify the email address you used during registration. Go to your Sporcle Settings to finish the process.

Report this User

Report this user for behavior that violates our Community Guidelines.

Details: